00898nam a2200169 a 450000100100000000500170001000800410002704000250006808200150009310000700010824502290017826000830040730000290049004900090051995201830052899900170071100003054420200930062353.0110523q1940 dr c 000 | spa d aDO-SdBNPbspacBNPHU axxxbT866m1 aRepública Dominicana.bPresidente (1930-1961 : Trujillo)95621510aMensaje que dirige a sus compatriotas el generalísimo Doctor Rafael Leónidas Trujillo Molina. Benefactor de la patria, con motivo del décimo aniversario de haber asumido la dirección política del pueblo dominicano. aCiudad Trujillo, República Dominicana :bImprenta Listín Diario,c[1940?]. a16 p. :bretr. ;c24 cm. aBNPD 001050718RVaPDbPDcCTd2011-05-23iLF1l0oxxx T866mp30544-10r2020-06-25w2020-06-25y1zPerteneció a la biblioteca personal de Carlos Larrazábal Blanco.ZNo se presta c30036d30036